000
00278nam a2200109Ia 4500
008
190216s9999||||xx |||||||||||||| ||und||
100
_a
Sankaranarayan S R
245
0
_a
Physics Vol Ii Light Electricity And Magnetism
260
_b
S Chand & Co
650
_a
Physics
942
_c
BK
999
_c
33010
_d
33010